00643nam a2200193Ia 4500008004100000020001800041082001900059100002900078245003300107250000700140260005600147300002300203500001900226600002000245650002000265942000700285952014000292999001700432240925s9999 xx 000 0 und d a9781845904425 a371.100941 DAV aDavies, Caroline Bentley 0aHow to be an Amazing Teacher aNA aUnited Kingdom:bCrown House Publishing Co.c,2011. a181p.b0fOriginal aIncludes Index aSocial Sciences aSocial Sciences cBK 001040708SSaUITUbUITUd2018-05-07eParamount Book Pvt Ltdg1265.55l0o371.100941 DAVpQ11692r2024-09-25 07:16:10w2024-09-25yBK c14191d14191